Super course in physics electricity and magnetism for the JEE-ISEET / (Record no. 74415)

MARC details
000 -LEADER
fixed length control field 00821nam a22002057a 4500
005 - DATE AND TIME OF LATEST TRANSACTION
control field 20130528152142.0
010 ## - LCCN (DPL NO)
LC control number B-506570-571
020 ## - INTERNATIONAL STANDARD BOOK NUMBER
International Standard Book Number 9788131788738
Terms of availability 325.00
035 ## - SYSTEM CONTROL NUMBER
System control number B-506570-571
037 ## - SOURCE OF ACQUISITION
Source of stock number/acquisition KKP/Ven
082 ## - DEWEY DECIMAL CLASSIFICATION NUMBER
Classification number 512.5
245 ## - TITLE STATEMENT
Title Super course in physics electricity and magnetism for the JEE-ISEET /
Remainder of title (joint entrance examination-Indian science engineering eligibility test)
246 ## - VARYING FORM OF TITLE
Title proper/short title JEE/ISEET
260 ## - PUBLICATION, DISTRIBUTION, ETC. (IMPRINT)
Place of publication, distribution, etc Noida
Name of publisher, distributor, etc Pearson
Date of publication, distribution, etc 2012
270 ## - ADDRESS
Address 7th Floor, Knowledge Boulevard, A-8(A), Sec-62
City Noida
Postal code 201309
300 ## - PHYSICAL DESCRIPTION
Extent various pages
Dimensions 28cm(pbk).
500 ## - GENERAL NOTE
General note It include index
942 ## - ADDED ENTRY ELEMENTS (KOHA)
Source of classification or shelving scheme Dewey Decimal Classification
Item type English Books
Call number suffix SUP
Classification part 512.5
Holdings
Withdrawn status Lost status Not for loan Collection code Home library Current library Date acquired Source of acquisition Cost, normal purchase price Full call number Barcode Copy number Cost, replacement price Koha item type
      Non-fiction Sarojini Nagar Sarojini Nagar 28/05/2013 KKP/BL3018/19.3.13/172/19.3.13/22.3.13 325.00 512.5 SUP B-506570 1 325.00 English Books
    Not For Loan Reference South Zone Lib (REF) South Zone Lib (REF) 28/05/2013 KKP/BL3018/19.3.13/172/19.3.13/22.3.13 325.00 512.5 SUP B-506571 1 325.00 English Books

© Delhi Public Library
Hit Counter
free hit counter